| 000 | 00473cam a22001457a 4500 | ||
|---|---|---|---|
| 008 | 180718b2008 xxu||||| |||| 00| 0 eng d | ||
| 020 | _a9788131419694 | ||
| 082 | _aB3 Sa14e | ||
| 100 | _aSadagopan, Sowmyanarayanan | ||
| 245 |
_aE-governance today _cby Sowmyanarayanan Sadagopan |
||
| 260 |
_aHyderabad _bICFAI Univ. Press _c2008 |
||
| 300 | _a302p. | ||
| 650 | _aElectronic government information - Congressess | ||
| 650 | _aInternet in public administration - Congressess | ||
| 999 |
_c407953 _d407953 |
||